000 01507nam a22003732 4500
001 0000005237
005 20151217151957.0
008 070608s xx 000 0 eng d
020 _a9966846476 :
_cKES 520
040 _aKABU
_cKABU
050 0 _aTK7868
_b.A38 2001
100 1 _aAfullo, Thomas J. O.
_@0000156415
245 1 0 _aLaboratory manual in digital electronics /
_cThomas J. O. Afullo.
260 _aNairobi :
_bNairobi University Press,
_c2001.
300 _axvi, 182 p.
650 0 _aDigital electronics.
_@0000148512
650 0 _aElectronics.
_@0000010711
908 _a070608
950 _@1
999 _c6935
_d6935